LEADER 00905nas a2200217 i 4500 001 000000156299 003 CaOOAMICUS 005 20070611000000.0 008 061201b2006 it uu u0 0ita r 013 $a133654 040 $aSeMil$bita 245 10$aProgetto energia :$bdati e analisi, cultura e politica, qualitā della vita. 260 $aMilano :$bCentro Sociale Ambrosiano,$c2006. 300 $a93 p. ;$c21 cm. 773 0 $tOrientamenti.$dMilano : Centro Sociale Ambrosiano, 1978-2006.$w()2569 774 0 $t[vedi periodico].$w()265439 850 $aSeMil 852 $aSeMil$W1$xVenegono$y1$m235 3 121$j108077$B108077$CSeMilBibl$Z2$F124121 $85 961 $aCambio: Scuola Cattolica 996 $6245$aProgetto energia :$bdati e analisi, cultura e politica, qualitā della vita$9(OLS)http://semarc/title/229065 996 $6260$aMilano :$bCentro Sociale Ambrosiano$9(OLS)http://semarc/publisher/30800 LEADER 00975nam a2200241 i 4500 001 000000043406 003 CaOOAMICUS 005 20211118143257.0 008 090814s1966 gw u000 u ger u 013 $a14576 040 $aSeMil$bita 100 1 $aRatschow, Carl Heinz.$0(OLS)http://semarc/name/9777 245 10$aGott existiert :$beine dogmatische Studie /$cvon Carl Heinz Ratschow. 264 1$aBerlin :$bA. Töpelmann,$c1966. 300 $a87 p. ;$c22 cm. 490 1 $aTheologische Bibliothek Töpelmann ;$v12 650 4$aDio - Teologia.$0(OLS)http://semarc/subject/1408 830 0$aTheologische Bibliothek Töpelmann ;$v12.$0(OLS)http://semarc/title/29018 850 $aSeMil 852 $aSeMil$W1$xVenegono$y1$m2XA U 12$j232755$B239623$CSeMilBibl$Z2$F239623 $81 996 $6245$aGott existiert :$beine dogmatische Studie$9(OLS)http://semarc/title/63765 996 $6264$aBerlin :$bA. Töpelmann$9(OLS)http://semarc/publisher/39343